Protein purification: principles, high resolution methods, and applications

সংরক্ষণ করুন:
গ্রন্থ-পঞ্জীর বিবরন
প্রধান লেখক: Janson, Jan-Christer (Author)
বিন্যাস: গ্রন্থ
ভাষা:ইংরেজি
প্রকাশিত: Hoboken John Wiley and Sons Inc. Publication 2011
সংস্করন:3a. ed
মালা:Wiley Series in Methods of Biochemical Analysis, 54
বিষয়গুলি:
ট্যাগগুলো: ট্যাগ যুক্ত করুন
কোনো ট্যাগ নেই, প্রথমজন হিসাবে ট্যাগ করুন!

MARC

LEADER 00000cam a2200000 a 4500
001 UCE4813
003 CL-VaPUC
008 141113e20110000us |||||||||||||||||eng|d
020 |a 9780471746614 
082 0 4 |a 547.75  |b JAN  |2 21 
100 |a Janson, Jan-Christer  |e author  |9 577285 
245 1 0 |a Protein purification: principles, high resolution methods, and applications 
250 |a 3a. ed 
300 |a 517 p 
942 |c BK 
945 |d 20141113 14:00:00  |a dcastane 
260 |a Hoboken  |b John Wiley and Sons Inc. Publication  |c 2011 
650 7 |a ELECTROFORESIS  |2 CL-VaPUC  |9 261799 
650 7 |a PURIFICACION  |2 CL-VaPUC  |9 262791 
650 0 |a Cromatografía   |9 263967 
650 7 |a PROTEINAS  |2 CL-VaPUC  |9 577286 
583 |a last modification  |c 20141113 14:00:00  |k Rodrigo Vera 
490 0 |a Wiley Series in Methods of Biochemical Analysis, 54 
999 |c 357673  |d 357671 
952 |0 0  |1 0  |3 erd  |4 0  |6 547_750000000000000_JAN_2011  |7 0  |8 A  |9 465711  |a BIBING  |b BIBING  |i 512476K  |o 547.75 JAN 2011  |p 512476K  |r 2025-01-20  |w 2019-11-23  |y BK  |z Catalogado en:20141113  |k EIB 
952 |0 0  |1 0  |3 erd  |4 0  |6 547_750000000000000_JAN_2011  |7 0  |8 A  |9 465712  |a BIBING  |b BIBING  |i 5124751  |o 547.75 JAN 2011  |p 5124751  |r 2025-01-20  |w 2019-11-23  |y BK  |z Catalogado en:20141113  |k EIB 
952 |0 0  |1 0  |3 erd  |4 0  |6 547_750000000000000_JAN_2011  |7 0  |8 A  |9 465713  |a BIBING  |b BIBING  |i 5124743  |o 547.75 JAN 2011  |p 5124743  |r 2025-01-20  |w 2019-11-23  |y BK  |z Catalogado en:20141113  |k EIB